| 000 | 00703nam a22002291 4500 | ||
|---|---|---|---|
| 001 | bimo0000758447 | ||
| 003 | OSt | ||
| 005 | 20160405162529.0 | ||
| 008 | 900725s1977 sp spa | ||
| 020 | _a84-239-0050-9 | ||
| 035 | _a(OCoLC)431345007 | ||
| 040 | _cBMC | ||
| 082 | _a863 | ||
| 100 | 1 | 0 |
_940 _aChateaubriand, François-René _d1768-1848 _cvicomte de |
| 245 | 1 | 0 |
_aAtala _b; René ; El último abencerraje _cVizconde de Chateaubriand; [traducción del francés por Manuel Altolaguirre] |
| 250 | _a4ª ed | ||
| 260 | 0 |
_aMadrid _bEspasa-Calpe _c1977 |
|
| 300 |
_a153 p. _c18 cm |
||
| 490 | 0 |
_aAustral _v50 |
|
| 700 |
_9229 _aAltolaguirre, Manuel _d1905-1959 |
||
| 942 |
_2ddc _cBK _hprozim |
||
| 999 |
_c52 _d52 |
||